000 00807nam a22002537a 4500
001 4038
003 FISKH
005 20240603095805.0
008 240603b cb ||||| |||| 00| 0 eng d
020 _a9780547258553
040 _aFISKH
_beng
_cFISKH
_dFISKH
050 _aPZ7.P44855
082 _a813.54
100 _aPfeffer Beth Susan
_d1948-
245 _aThe dead and the gone /
_cSusan Beth Pfeffer
300 _a321 pages :
_c18 cm
505 _aM
520 _aAfter a meteor hits the moon and sets off a series of horrific climate changes, seventeen-year-old Alex Morales must take care of his sisters alone in the chaos of New York City.
521 8 _a680
_bLexile
521 8 _aM
_bRaz-Plus
700 _aSusan Beth Pfeffer
942 _2ddc
_cBK
_n0
999 _c4038
_d4038